Catalogue of the magnificent collection of works of art and vertu (Record no. 113932)
[ view plain ]
| 000 -LEADER | |
|---|---|
| fixed length control field | 00689cam a22001815a 4500 |
| 001 - CONTROL NUMBER | |
| control field | L155944 |
| 008 - FIXED-LENGTH DATA ELEMENTS--GENERAL INFORMATION | |
| fixed length control field | 120423s1858 xxk f 000 0 eng d |
| 035 ## - SYSTEM CONTROL NUMBER | |
| System control number | (Sirsi) u155944 |
| 041 0# - LANGUAGE CODE | |
| Language code of text/sound track or separate title | eng |
| 110 2# - MAIN ENTRY--CORPORATE NAME | |
| Corporate name or jurisdiction name as entry element | Christie and Manson |
| 245 00 - TITLE STATEMENT | |
| Title | Catalogue of the magnificent collection of works of art and vertu |
| Statement of responsibility, etc. | formed by Mr. David Falcke ... which will be sold by auction by Messrs. Christie and Manson ... St. James's Square ... April 19, 1858 |
| 260 ## - PUBLICATION, DISTRIBUTION, ETC. | |
| Place of publication, distribution, etc. | London |
| Name of publisher, distributor, etc. | Printed by W. Clowes and sons |
| Date of publication, distribution, etc. | 1858 |
| 300 ## - PHYSICAL DESCRIPTION | |
| Extent | 208 p., plates |
| Dimensions | 24 cm. |
| 583 ## - ACTION NOTE | |
| Action | Condition reviewed |
| Time/date of action | 20120620 |
| Status | condition level 2 |
| 651 #4 - SUBJECT ADDED ENTRY--GEOGRAPHIC NAME | |
| Geographic name | Great Britain |
| Chronological subdivision | 1707- |
| 690 ## - LOCAL SUBJECT ADDED ENTRY--TOPICAL TERM (OCLC, RLIN) | |
| Topical term or geographic name as entry element | Auctioneering |
| 9 (RLIN) | 6218 |
| 942 ## - ADDED ENTRY ELEMENTS (KOHA) | |
| Suppress in OPAC | 0 |
| Withdrawn status | Lost status | Source of classification or shelving scheme | Damaged status | Not for loan | Home library | Current library | Shelving location | Date acquired | Total Checkouts | Full call number | Barcode | Date last seen | Copy number | Price effective from | Koha item type |
|---|---|---|---|---|---|---|---|---|---|---|---|---|---|---|---|
| Dewey Decimal Classification | Historic collection | Historic collection | Historic collection | 23/04/2012 | OCTAVO 1858 CHRISTIE | 30077848 | 06/08/2019 | 1 | 06/08/2019 | Book |